Statistics for Capitais da América do Norte

Click here to take the quiz!

General Stats

  • This quiz has been taken 935 times
  • The average score is 15 of 23

Answer Stats

País Capital % Correct
Estados UnidosWashington D.C.
96%
MéxicoCidade do México
95%
CubaHavana
91%
CanadáOttawa
91%
PanamáCidade do
Panamá
83%
GuatemalaCidade da
Guatemala
75%
São Vicente & GranadinasKingstown
74%
El SalvadorSan Salvador
73%
JamaicaKingston
72%
HaitiPorto Príncipe
70%
NicaráguaManágua
67%
Costa RicaSan José
66%
República DominicanaSanto Domingo
62%
BahamasNassau
60%
HondurasTegucigalpa
56%
BelizeBelmopan
49%
Trinidad & TobagoPort-of-Spain
49%
DominicaRoseau
43%
Antígua & BarbudaSaint John's
42%
GranadaSaint George's
39%
Santa LúciaCastries
39%
BarbadosBridgetown
37%
São Cristóvão & NévisBasseterre
36%

Score Distribution

Percentile by Number Answered

Percent of People with Each Score

Your Score History

You have not taken this quiz